000 01007nam2a22002531 4500
001 RU\NLR\INFOCOMM17\1000417001
005 20250617070013.0
035 _a(NLR Aleph) 002537993
090 _a2908407
_c2908407
100 _a20040511d1913 |||y0rusy50 ca
101 0 _arus
102 _aRU
105 _ay |||||||||
200 1 _aЦарские иконописцы и живописцы XVIII века, Т.3
_e1914
210 _d1913
_aБ. м.
300 _aНа обл. Т.32 дата: 1914
461 0 _1001RU\NLR\INFOCOMM17\1000416974
_12001#$aЗаписки Московского археологического института$vТ.32
_92908270
_aМосковский археологический институт
_cМ.
_d1909-1916
_tЗаписки Московского археологического института
_vТ.32
801 1 _aRU
_bInfoComm
_c20040511
801 0 _aRU
_bNLR
_gPSBO
852 _aNLR
_j1/170Низ.
942 _cISSUE
980 _aNB
980 _aRUSPER